[Event "RUS-chT B4 corr"]
[Site "Russia"]
[Date "1996.??.??"]
[Round "?"]
[White "Abdulin, Rinat"]
[Black "Ermakov, Evgeny Vladimirovic"]
[Result "1/2-1/2"]
[WhiteElo "2069"]
[BlackElo "2115"]
[PlyCount "68"]
[EventDate "1996.??.??"]
[EventType "team-tourn (corr)"]
[EventRounds "18"]
[EventCountry "RUS"]
[SourceTitle "Corr 2011"]
[Source "ChessBase"]
[SourceDate "2010.08.31"]
[SourceVersion "1"]
[SourceVersionDate "2010.08.31"]
[SourceQuality "1"]

1. e4 e5 2. Nf3 Nc6 3. d4 exd4 4. Nxd4 Nf6 5. Nxc6 bxc6 6. e5 Qe7 7. Qe2 Nd5 8. c4 Ba6 9. Nd2 f6 10. exf6 Nxf6 11. b3 0-0-0 12. Qxe7 Bxe7 13. Bd3 Nd5 14. Bb2 Bf6 15. 0-0-0 Bxb2+ 16. Kxb2 Nf4 17. Ne4 Nxd3+ 18. Rxd3 d6 19. Re1 h6 20. h4 Rde8 21. Rde3 Kd8 22. f4 Bc8 23. Kc3 Rhf8 24. g3 c5 25. b4 cxb4+ 26. Kxb4 Bb7 27. c5 Kd7 28. cxd6 cxd6 29. Nd2 Rxe3 30. Rxe3 a5+ 31. Kc3 Rc8+ 32. Kb2 Bd5 33. Nb3 Bxb3 34. Rxb3 h5 1/2-1/2

[Event "RUS-chT B4 corr"]
[Site "Russia"]
[Date "1996.??.??"]
[Round "?"]
[White "Abdulin, Rinat"]
[Black "Solyankin, Andrey M"]
[Result "1/2-1/2"]
[WhiteElo "2069"]
[BlackElo "2000"]
[PlyCount "58"]
[EventDate "1996.??.??"]
[EventType "team-tourn (corr)"]
[EventRounds "18"]
[EventCountry "RUS"]
[SourceTitle "Corr 2011"]
[Source "ChessBase"]
[SourceDate "2010.08.31"]
[SourceVersion "1"]
[SourceVersionDate "2010.08.31"]
[SourceQuality "1"]

1. e4 e6 2. d4 d5 3. Nc3 Bb4 4. exd5 exd5 5. Bd3 Nc6 6. Nge2 Nge7 7. 0-0 Bf5 8. Bxf5 Nxf5 9. Qd3 Qd7 10. Bf4 0-0 11. Nd1 Rfe8 12. c3 Bf8 13. Ng3 Nxg3 14. Bxg3 Ne7 15. Ne3 c6 16. Rae1 g6 17. Re2 Nf5 18. Nxf5 Qxf5 19. Qxf5 gxf5 20. Rfe1 Rxe2 21. Rxe2 f6 22. Bf4 Kf7 23. Kf1 Re8 24. Rxe8 Kxe8 25. Ke2 Kf7 26. Ke3 Ke6 27. Bb8 a6 28. Ba7 Bd6 29. f4 Bc7 1/2-1/2

[Event "RUS-chT B4 corr"]
[Site "Russia"]
[Date "1996.??.??"]
[Round "?"]
[White "Bobrov, Vladimir Nikolaevic"]
[Black "Abdulin, Rinat"]
[Result "1/2-1/2"]
[WhiteElo "2548"]
[BlackElo "2069"]
[PlyCount "34"]
[EventDate "1996.??.??"]
[EventType "team-tourn (corr)"]
[EventRounds "18"]
[EventCountry "RUS"]
[SourceTitle "Corr 2011"]
[Source "ChessBase"]
[SourceDate "2010.08.31"]
[SourceVersion "1"]
[SourceVersionDate "2010.08.31"]
[SourceQuality "1"]

1. e4 d5 2. exd5 Nf6 3. Bb5+ Bd7 4. Be2 Nxd5 5. d4 Bf5 6. Nf3 e6 7. 0-0 Be7 8. a3 0-0 9. c4 Nb6 10. Nc3 Nc6 11. Be3 Bf6 12. b3 Qd7 13. Ra2 Rfd8 14. Rd2 Qe7 15. Qc1 Rd7 16. Rfd1 Rad8 17. h3 h6 1/2-1/2

[Event "RUS-chT B4 corr"]
[Site "Russia"]
[Date "1996.??.??"]
[Round "?"]
[White "Likhoded, Viktor"]
[Black "Abdulin, Rinat"]
[Result "1-0"]
[WhiteElo "2108"]
[BlackElo "2069"]
[PlyCount "69"]
[EventDate "1996.??.??"]
[EventType "team-tourn (corr)"]
[EventRounds "18"]
[EventCountry "RUS"]
[SourceTitle "Corr 2011"]
[Source "ChessBase"]
[SourceDate "2010.08.31"]
[SourceVersion "1"]
[SourceVersionDate "2010.08.31"]
[SourceQuality "1"]

1. e4 d5 2. exd5 Nf6 3. d4 Nxd5 4. c4 Nb6 5. Nf3 g6 6. Nc3 Bg7 7. h3 0-0 8. Be3 Nc6 9. Qd2 e5 10. d5 Na5 11. b3 f5 12. Bg5 Qe8 13. c5 e4 14. Nd4 Qe5 15. Rd1 f4 16. cxb6 e3 17. Qd3 Qxg5 18. bxc7 Qh4 19. Ne4 Bf5 20. Nf3 exf2+ 21. Ke2 Qe7 22. d6 Qe8 23. Qd5+ Kh8 24. Nfg5 Bd7 25. Kxf2 Rf5 26. Qd3 Nc6 27. Be2 Nd4 28. Bg4 Bb5 29. Qd2 f3 30. Bxf5 fxg2 31. Rhe1 Qf8 32. Kxg2 gxf5 33. Ng3 Bc6+ 34. Kf2 Qg8 35. d7 1-0